000 01001cam a2200313 a 4500
999 _c12162
_d12162
001 951630
003 EG-ScBUE
005 20200112101950.0
008 840612t1985 nyua f 001 0 eng d
020 _a0060420898
040 _aDLC
_beng
_erda
_cDLC
_dDLC
_dEG-ScBUE
082 0 4 _a808.51
_bFLE
_222
100 1 _aFletcher, Leon,
_eauthor.
_97402
245 1 0 _aHow to design & deliver a speech /
_cLeon Fletcher, emeritus professor of speech, Monterey Peninsula College.
250 _aThird edition.
264 1 _aNew York :
_bHarper and Row Publishers,
_c[1985]
264 4 _cc 1985
300 _aviii, 403 pages :
_billustrations ;
_c26 cm
336 _2rdacontent
_atext
_btxt
337 _2rdamedia
_aunmediated
_bn
338 _2rdacarrier
_avolume
_bnc
500 _aIncludes index.
590 _amahmoud sami
650 7 _aPublic speaking.
_2BUEsh
_97403
653 _bHHUUEENN
_cJanuary2020
655 _vReading book
740 0 _aHow to design and deliver a speech.
942 _2ddc
_cBB